000 00481nam a2200181 a 4500
001 3669
003 CO-ViMGA
008 141112s2004 ck r 000 u spa d
040 _aCO-ViMGA
_bspa
_cCO-ViMGA
082 0 4 _a638.1 J315
100 1 _aJean - Prost, Pierre
_953694
245 1 0 _aApicultura :
_bconocimiento de la abeja manejo de la colmena
250 _a2a
260 _aMadrid :
_bMundi - Prensa,
_c1987
300 _a573 p : il
650 1 4 _aAPICULTURA
942 _2ddc
_cBK
999 _c15706
_d15706